[Event "Titled Tue 1st Jul Early"]
[Site "chess.com INT"]
[Date "2025.07.01"]
[Round "9"]
[White "Donoso Aguirre, Maximiliano"]
[Black "Mecit, Emre"]
[Result "1-0"]
[WhiteTitle "CM"]
[WhiteElo "2050"]
[BlackElo "2007"]
[WhiteFideId "3458920"]
[BlackFideId "6304214"]
[EventDate "2025.07.01"]

1. e4 c5 2. c3 Nf6 3. e5 Nd5 4. Nf3 d6 5. exd6 e6 6. g3 Bxd6 7. Bg2 O-O 8. O-O
Nc6 9. d4 Re8 10. Re1 cxd4 11. Nxd4 Nxd4 12. Qxd4 Be7 13. Rd1 Qb6 14. Bxd5 Qxd4
15. Rxd4 exd5 16. Rxd5 Be6 17. Rd2 Bh3 18. c4 Bc5 19. Rd1 Re2 20. Be3 Bxe3 21.
fxe3 Re8 22. Nc3 Rg2+ 23. Kh1 Rxb2 24. Rab1 Rxb1 25. Nxb1 h5 26. Kg1 Rxe3 27.
Kf2 Re7 28. Rd4 Be6 29. Nd2 Rc7 30. Ke3 Kf8 31. Kd3 Rd7 32. Rxd7 Bxd7 33. Kd4
Ke7 34. Ne4 Bf5 35. Nc5 b6 36. Na4 Kd6 37. Nc3 Be6 38. Nb5+ Ke7 39. Nxa7 Bd7 40.
Kd5 g5 41. Nb5 Bxb5 42. cxb5 f6 43. a4 Kd7 44. h3 f5 45. Ke5 f4 46. gxf4 gxf4
47. Kxf4 Kd6 48. Kg5 Kc5 49. Kxh5 Kb4 50. Kg4 Kxa4 51. h4 Kxb5 52. h5 Kc4 53. h6
b5 54. h7 b4 55. h8=Q b3 56. Qb2 Kb4 57. Kf3 Kc4 58. Ke3 Kb4 59. Kd4 Ka4 60. Kc4
Ka5 61. Qxb3 Ka6 62. Qb4 Ka7 63. Qb5 Ka8 64. Kc5 Ka7 65. Kc6 Ka8 66. Qb7# 1-0

[Event "Titled Tue 1st Jul Early"]
[Site "chess.com INT"]
[Date "2025.07.01"]
[Round "9"]
[White "Subramanian, Anusha"]
[Black "Mikhailova, Irina"]
[Result "1-0"]
[WhiteTitle "WFM"]
[BlackTitle "WGM"]
[WhiteElo "2045"]
[BlackElo "2143"]
[WhiteFideId "477710"]
[BlackFideId "4109040"]
[EventDate "2025.07.01"]

1. Nf3 Nf6 2. b3 g6 3. Bb2 Bg7 4. g3 O-O 5. Bg2 b6 6. O-O Bb7 7. d4 d6 8. c4
Nbd7 9. Nc3 Ne4 10. Nxe4 Bxe4 11. Nd2 Bxg2 12. Kxg2 e5 13. dxe5 dxe5 14. Qc2 Qe7
15. Rad1 Rfe8 16. Nb1 Nf6 17. Nc3 c6 18. Ne4 Rad8 19. Nxf6+ Bxf6 20. e4 Qe6 21.
c5 b5 22. Qe2 h5 23. h4 Qg4 24. f3 Qe6 25. Qe3 Kg7 26. f4 Rxd1 27. Rxd1 exf4 28.
Bxf6+ Qxf6 29. Qxf4 Qxf4 30. gxf4 Rxe4 31. Kf3 Re7 32. Rd6 Rc7 33. Ke4 Kf8 34.
Ke5 Ke7 35. f5 gxf5 36. Kxf5 a5 37. Kg5 a4 38. Kxh5 axb3 39. axb3 Ra7 40. Rxc6
Ra3 41. Kg5 Rxb3 42. h5 Rg3+ 43. Kf4 Rg1 44. Rb6 Rh1 45. Kg4 Rg1+ 46. Kf3 Rh1
47. h6 b4 48. Kg2 Rh5 49. Rxb4 Rxh6 50. Rb7+ Ke8 51. Rb8+ Kd7 52. Rb7+ Kc6 53.
Rb6+ Kxc5 54. Rxh6 Kd5 55. Rf6 1-0

[Event "Titled Tue 1st Jul Early"]
[Site "chess.com INT"]
[Date "2025.07.01"]
[Round "9"]
[White "Karpenko, Anton"]
[Black "Aradhya, Garg"]
[Result "0-1"]
[WhiteTitle "CM"]
[BlackTitle "IM"]
[WhiteElo "2218"]
[BlackElo "2370"]
[WhiteFideId "34374353"]
[BlackFideId "25006746"]
[EventDate "2025.07.01"]

1. e4 c6 2. d4 d5 3. e5 Bf5 4. Nf3 e6 5. Be2 Nd7 6. O-O a5 7. a4 f6 8. exf6
Ngxf6 9. h3 Bd6 10. Bg5 h6 11. Bh4 O-O 12. Re1 Qb6 13. Ra2 Ne4 14. c4 Bb4 15.
Rf1 Rae8 16. c5 Qc7 17. Nbd2 Nxd2 18. Nxd2 Qf4 19. Nf3 Qe4 20. Bg3 Qc2 21. Qxc2
Bxc2 22. Raa1 Bb3 23. Rfc1 e5 24. dxe5 Nxc5 25. Nd4 Bc4 26. Bxc4 dxc4 27. Rxc4
Nd3 28. Rc2 Nxe5 29. Nb3 Nd3 30. Rd1 Ne1 31. Rcc1 Re2 32. Nd4 Rxb2 33. Rxe1 Bxe1
34. Rxe1 Rb4 35. Ne6 Re8 36. f4 g6 37. Re5 Rxa4 38. Nc5 Rxe5 39. fxe5 Rc4 40.
Nxb7 a4 41. Nd6 Rc3 42. Bf2 a3 43. Bd4 Rd3 44. Ba1 Rd1+ 45. Kf2 Rxa1 46. e6 Kf8 0-1

[Event "Titled Tue 1st Jul Early"]
[Site "chess.com INT"]
[Date "2025.07.01"]
[Round "9"]
[White "De Lomas Busquets, Alba"]
[Black "Bashirov, Kemal"]
[Result "0-1"]
[WhiteTitle "WCM"]
[BlackTitle "FM"]
[WhiteElo "1997"]
[BlackElo "2305"]
[WhiteFideId "24585289"]
[BlackFideId "14183650"]
[EventDate "2025.07.01"]

1. d4 Nf6 2. Nf3 e6 3. e3 d5 4. Bd3 Bd6 5. b3 O-O 6. Bb2 c5 7. Nbd2 cxd4 8. exd4
Nbd7 9. O-O b6 10. Ne5 Bb7 11. Qf3 Rc8 12. Rae1 h6 13. Qh3 Qc7 14. f4 Bb4 15.
Re2 Bxd2 16. Rxd2 Ne4 17. Re2 f5 18. Qh5 Nxe5 19. fxe5 Nc3 20. Ref2 Qf7 21. Qh3
Ne4 22. Re2 Qe7 23. Qh5 Rc7 24. a4 Rfc8 25. Qg6 Bc6 26. Ra1 Be8 27. Ba3 Bxg6 28.
Bxe7 Rxe7 29. a5 Be8 30. axb6 axb6 31. Ra6 Rb8 32. Re1 Rbb7 33. Rea1 Bh5 34.
Ra8+ Kh7 35. Rc8 Rec7 36. Rf8 Ra7 37. Rf1 Nc3 38. h3 Be2 39. Rf2 Bxd3 40. cxd3
Ra2 41. Re8 Rc6 42. g4 Rxf2 43. Kxf2 f4 44. Kf3 g5 45. h4 Nb5 46. Re7+ Kg8 47.
hxg5 hxg5 48. Kf2 Nxd4 49. Rb7 Nxb3 50. Kf3 Nd4+ 51. Kf2 Rc2+ 52. Kf1 b5 53. Kg1
Ne2+ 54. Kf2 Nd4+ 55. Kg1 Nf3+ 56. Kf1 Nxe5 57. Rxb5 f3 58. Rb6 Nxg4 59. Rxe6
Nh2+ 60. Kg1 f2+ 61. Kxh2 f1=Q+ 62. Kg3 Rg2+ 63. Kh3 Qh1# 0-1

[Event "Titled Tue 1st Jul Early"]
[Site "chess.com INT"]
[Date "2025.07.01"]
[Round "9"]
[White "Rosen, Eric"]
[Black "Bozorov, Javohir"]
[Result "0-1"]
[WhiteTitle "IM"]
[BlackTitle "FM"]
[WhiteElo "2377"]
[BlackElo "2039"]
[WhiteFideId "2032562"]
[BlackFideId "14216957"]
[EventDate "2025.07.01"]

1. e3 d5 2. f4 Nf6 3. Nf3 c5 4. Bb5+ Bd7 5. Bxd7+ Nbxd7 6. b3 e6 7. Bb2 Bd6 8.
d3 O-O 9. Nbd2 Re8 10. Ne5 d4 11. Ndc4 Bxe5 12. fxe5 Nd5 13. exd4 cxd4 14. Bxd4
Qh4+ 15. Bf2 Qg5 16. O-O Nxe5 17. h4 Qf4 18. Be1 Qd4+ 19. Bf2 Qc3 20. Nxe5 Qxe5
21. Qf3 Qf6 22. Qe4 Qg6 23. Qf3 Qf6 24. Qg4 Qg6 25. Qxg6 hxg6 26. c4 Nb4 27. d4
a5 28. a3 Nd3 29. Rad1 Nxf2 30. Rxf2 Rac8 31. a4 Red8 32. Rfd2 Rd6 33. Kf2 Rb6
34. Rd3 f6 35. Ke3 Kf7 36. Ke4 Rd6 37. Rg3 Re8 38. Rf3 e5 39. d5 f5+ 40. Ke3 e4
41. Rf2 Rb6 42. Rb1 Rc8 43. Kd4 Re8 44. h5 Kf6 45. hxg6 Kxg6 46. Kc3 e3 47. Re2
f4 48. Rbe1 Rf6 49. g3 f3 50. Rxe3 Rxe3+ 51. Rxe3 f2 52. Rd3 f1=Q 53. d6 Qc1+
54. Kd4 Rxd6+ 55. Ke4 Rxd3 56. Kxd3 Qb2 57. Ke4 Qxb3 58. Kd5 Qxa4 59. c5 Qc6+
60. Kc4 a4 61. Kb4 a3 62. Kxa3 Qxc5+ 63. Kb3 Qe3+ 64. Kc2 Qxg3 65. Kd2 Qd6+ 0-1

[Event "Titled Tue 1st Jul Early"]
[Site "chess.com INT"]
[Date "2025.07.01"]
[Round "9"]
[White "Lazaro Azcutia, Miguel"]
[Black "Cuenca Jimenez, Jose Fernando"]
[Result "0-1"]
[WhiteTitle "CM"]
[BlackTitle "GM"]
[WhiteElo "2275"]
[BlackElo "2477"]
[WhiteFideId "54538254"]
[BlackFideId "2255570"]
[EventDate "2025.07.01"]

1. e4 d6 2. d4 Nf6 3. Nc3 e5 4. Nf3 Nbd7 5. Bc4 Be7 6. O-O O-O 7. a4 c6 8. h3 b6
9. Re1 a6 10. Ba2 Rb8 11. Be3 b5 12. axb5 axb5 13. b4 Qc7 14. Qd2 Nb6 15. Rad1
Be6 16. d5 Bd7 17. Nxe5 dxe5 18. d6 Bxd6 19. Qxd6 Qxd6 20. Rxd6 Rfe8 21. Red1
Be6 22. Bxe6 fxe6 23. Rxc6 Nc4 24. Bc5 Rbc8 25. Rxc8 Rxc8 26. f3 Na3 27. Rd6 Kf7
28. Ra6 Nxc2 29. Nxb5 Rb8 30. Nd6+ Kg6 31. b5 Nd4 32. b6 Nd7 33. Bxd4 exd4 34.
b7 Kf6 35. Ra5 Ke7 36. e5 Nxe5 37. Nc8+ Kf6 38. Nd6 Nd7 39. Rb5 Ke7 40. Nc8+ Kd8
41. Nd6 Kc7 42. Ne4 Rxb7 43. Rxb7+ Kxb7 44. Ng5 Nf8 45. Kf1 Kc6 46. Ke2 Kd5 47.
Kd3 h6 48. Ne4 Nd7 49. h4 Nc5+ 50. Nxc5 Kxc5 51. g4 Kd5 52. f4 e5 53. fxe5 Kxe5
54. g5 h5 55. g6 Kd5 56. Kd2 Ke4 57. Ke2 Kf4 58. Kd2 Kg4 59. Kd3 Kxh4 60. Kxd4
Kg5 61. Ke4 Kxg6 62. Kf4 Kf6 63. Kg3 g5 0-1

[Event "Titled Tue 1st Jul Early"]
[Site "chess.com INT"]
[Date "2025.07.01"]
[Round "9"]
[White "Mattenberger, Matthias"]
[Black "Shuvalov, Evgenij"]
[Result "1-0"]
[WhiteTitle "FM"]
[WhiteElo "2276"]
[BlackElo "1980"]
[WhiteFideId "1339958"]
[BlackFideId "4187237"]
[EventDate "2025.07.01"]

1. d4 Nf6 2. c4 g6 3. Nc3 d5 4. cxd5 Nxd5 5. e4 Nxc3 6. bxc3 Bg7 7. Nf3 c5 8.
Bb5+ Nc6 9. O-O O-O 10. Bxc6 bxc6 11. Qc2 cxd4 12. cxd4 Bg4 13. Ne5 Qxd4 14. Bb2
Qb6 15. Rab1 Bxe5 16. Bxe5 Qa5 17. Ba1 Be6 18. Rb7 Rae8 19. a4 c5 20. Rb5 Qa6
21. Rxc5 Rc8 22. Qc3 f6 23. e5 Rxc5 24. Qxc5 Qb7 25. h4 f5 26. h5 Rc8 27. Qe3
Kg7 28. Bd4 Rc4 29. Bxa7 Rxa4 30. Bc5 Re4 31. Qg5 Rg4 32. Qxe7+ Qxe7 33. Bxe7
gxh5 34. Rd1 Kf7 35. Bf6 h4 36. f3 Rc4 37. Kh2 Rb4 38. Ra1 Rb7 39. Ra8 h3 40.
Kxh3 Kg6 41. Kg3 Rb2 42. Re8 Bf7 43. Re7 f4+ 44. Kxf4 Rxg2 45. Bh4 Re2 46. Ra7
h5 47. Ra6+ Kg7 48. Kf5 Re3 49. Bf6+ Kf8 50. f4 Be8 51. Ra8 Kf7 52. Ra7+ Kf8 53.
e6 h4 54. Rh7 Bf7 55. Rxf7+ Kg8 56. Rg7+ Kf8 57. Rh7 Kg8 58. Rh8# 1-0

[Event "Titled Tue 1st Jul Early"]
[Site "chess.com INT"]
[Date "2025.07.01"]
[Round "9"]
[White "Flynn, Jacob"]
[Black "Shandrygin, Nikita"]
[Result "1-0"]
[WhiteTitle "CM"]
[BlackTitle "FM"]
[WhiteElo "2275"]
[BlackElo "2209"]
[WhiteFideId "2509393"]
[BlackFideId "24198668"]
[EventDate "2025.07.01"]

1. e4 c5 2. Nf3 e6 3. d4 cxd4 4. Nxd4 Nf6 5. Nc3 Nc6 6. Be2 Qc7 7. Ndb5 Qb8 8.
f4 a6 9. e5 axb5 10. exf6 gxf6 11. Nxb5 Bc5 12. c3 d5 13. Qd3 Bd7 14. Be3 Bxe3
15. Qxe3 Ne7 16. O-O Nf5 17. Qc5 Bxb5 18. Bxb5+ Kd8 19. g4 Rg8 20. Kh1 Qd6 21.
Qg1 h5 22. g5 Ne7 23. Qe3 Kc7 24. Bd3 f5 25. a4 Rad8 26. Qd4 Nc6 27. Qf6 Qe7 28.
Qxe7+ Nxe7 29. a5 Ra8 30. Ra4 Rgd8 31. Rfa1 Nc6 32. b4 Ne7 33. b5 Kd6 34. b6
Rdc8 35. c4 dxc4 36. Bxc4 Nc6 37. Be2 Rcb8 38. Bxh5 Ke7 39. Bf3 Nd8 40. a6 Rxa6
41. Rxa6 bxa6 42. Rxa6 Kd6 43. h4 Kc5 44. h5 Nc6 45. h6 Nd4 46. Bg2 e5 47. fxe5
f4 48. Ra7 f3 49. Rxf7 fxg2+ 50. Kxg2 Ne6 51. g6 Ng5 52. Re7 Kd5 53. h7 Ne6 54.
Rxe6 Kxe6 55. g7 1-0

[Event "Titled Tue 1st Jul Early"]
[Site "chess.com INT"]
[Date "2025.07.01"]
[Round "9"]
[White "Lazavik, Denis"]
[Black "Galaktionov, Artem"]
[Result "1-0"]
[WhiteTitle "GM"]
[BlackTitle "FM"]
[WhiteElo "2580"]
[BlackElo "2360"]
[WhiteFideId "13515110"]
[BlackFideId "24175471"]
[EventDate "2025.07.01"]

1. d4 c6 2. c4 g6 3. e4 d6 4. Nc3 Bg7 5. g3 Nd7 6. Bg2 e5 7. Nf3 Ngf6 8. O-O O-O
9. h3 a5 10. Be3 exd4 11. Nxd4 Nc5 12. Qc2 a4 13. Rad1 Qa5 14. Rfe1 Re8 15. Bf4
Bf8 16. Nf3 Rd8 17. Bg5 Bg7 18. Bd2 Qa6 19. b4 axb3 20. axb3 Qb6 21. Rb1 Ne6 22.
Be3 c5 23. Red1 Qc7 24. Nd5 Nxd5 25. cxd5 Nf8 26. b4 b6 27. Bf4 Nd7 28. Bf1 Ba6
29. b5 Bb7 30. Nd4 Bxd4 31. Rxd4 Ne5 32. Rdd1 Qe7 33. Be2 Rf8 34. Bh6 Rfe8 35.
Re1 f6 36. Bf4 Qd7 37. h4 f5 38. Ra1 fxe4 39. Rxa8 Bxa8 40. Qxe4 Qf7 41. Rd1 Bb7
42. Bf1 Bc8 43. Bxe5 Rxe5 44. Qc2 Bg4 45. Ra1 Bf3 46. Qc3 Bxd5 47. f4 Re8 48.
Rd1 Kf8 49. Qh8+ Ke7 50. Qc3 Kd8 51. Qd2 Bf3 52. Qxd6+ Kc8 53. Ra1 Qe7 54. Qxe7
Rxe7 55. Kf2 Bd5 56. Rd1 1-0

[Event "Titled Tue 1st Jul Early"]
[Site "chess.com INT"]
[Date "2025.07.01"]
[Round "9"]
[White "Dovgaliuk, Oleksandr"]
[Black "Ryabukhin, Roman"]
[Result "1-0"]
[BlackTitle "CM"]
[WhiteElo "2174"]
[BlackElo "2236"]
[WhiteFideId "14167247"]
[BlackFideId "24257893"]
[EventDate "2025.07.01"]

1. e4 c5 2. Nf3 Nc6 3. Nc3 e5 4. Bc4 d6 5. d3 Be7 6. Nd2 Nf6 7. Nf1 Nd7 8. Ne3
Nb6 9. O-O O-O 10. Ned5 Nxd5 11. Nxd5 Be6 12. f4 exf4 13. Bxf4 Bg5 14. Bxg5 Qxg5
15. Nc7 Bg4 16. Qc1 Qxc1 17. Raxc1 Rad8 18. Rf4 Bh5 19. Rcf1 Nd4 20. R4f2 Rd7
21. Ne6 Nxe6 22. Bxe6 Re7 23. Bd5 Bg6 24. g4 h5 25. gxh5 Bxh5 26. Rf5 Bg6 27.
Rg5 Kh7 28. Rf3 Re5 29. Rh3+ Kg8 30. Rxg6 Rxd5 31. Rxg7+ Kxg7 32. exd5 Re8 33.
Kf2 b5 34. c4 bxc4 35. dxc4 Re4 36. b3 Rd4 37. Ke2 Re4+ 38. Re3 Rh4 39. h3 Kf6
40. a3 a5 41. Rf3+ Ke7 42. Kd3 Rd4+ 43. Kc3 Rh4 44. b4 axb4+ 45. axb4 cxb4+ 46.
Kxb4 Rd4 47. Kb5 Rd1 48. Kc6 Rc1 49. Re3+ Kf8 50. Re4 f5 51. Rf4 Ke7 52. h4 Rc3
53. h5 Rc1 54. Rh4 Ra1 55. h6 Ra8 56. h7 Rc8+ 57. Kb7 Rh8 58. Kc7 Kf6 59. Kxd6
Kg5 60. Rh1 f4 61. Kc7 Kg4 62. d6 Kg3 63. d7 Kg2 64. d8=Q Rxd8 65. Kxd8 Kxh1 66.
h8=Q+ Kg2 67. Qf6 f3 68. c5 1-0

[Event "Titled Tue 1st Jul Early"]
[Site "chess.com INT"]
[Date "2025.07.01"]
[Round "9"]
[White "Ramiro Ovejero, Juan Luis"]
[Black "Khalafvand, Dorsa Sadat"]
[Result "0-1"]
[WhiteTitle "IM"]
[BlackTitle "WCM"]
[WhiteElo "2334"]
[BlackElo "1985"]
[WhiteFideId "2210436"]
[BlackFideId "36767522"]
[EventDate "2025.07.01"]

1. e4 c6 2. d4 d5 3. e5 Bf5 4. h4 h5 5. Bd3 Bxd3 6. Qxd3 Qa5+ 7. Bd2 Qa6 8. e6
Qxd3 9. exf7+ Kxf7 10. cxd3 e6 11. Nf3 Be7 12. Nc3 Nh6 13. Ne5+ Ke8 14. Ng6 Rh7
15. Nf4 Kf7 16. Nce2 Nf5 17. g3 Bf6 18. Bc3 Nd7 19. O-O-O b5 20. b4 Nb6 21. Rde1
Na4 22. Ba1 a5 23. a3 Nb6 24. Bb2 axb4 25. axb4 Ra4 26. Nc3 Rxb4 27. Nxe6 Nxd4
28. Nxd4 Bxd4 29. Nd1 Bxb2+ 30. Nxb2 Rh8 31. Kc2 Ra8 32. Ra1 Na4 33. Nxa4 Rbxa4
34. Rxa4 Rxa4 35. Kb3 Ke6 36. Re1+ Kd6 37. Re8 Kc5 38. Re6 Rb4+ 39. Kc2 Rg4 40.
Kc3 b4+ 41. Kb3 Kb5 42. Re5 g6 43. Kc2 Ka4 44. Re6 c5 45. Ra6+ Kb5 46. Rd6 Rd4
47. Rxg6 c4 48. dxc4+ dxc4 49. Rg5+ Ka4 50. Rg8 c3 51. Ra8+ Kb5 52. Kb3 Kc5 53.
Rc8+ Kd5 54. Rh8 Ke4 0-1

[Event "Titled Tue 1st Jul Early"]
[Site "chess.com INT"]
[Date "2025.07.01"]
[Round "9"]
[White "Shimanov, Aleksandr"]
[Black "Saydaliev, Saidakbar"]
[Result "0-1"]
[WhiteTitle "GM"]
[BlackTitle "IM"]
[WhiteElo "2578"]
[BlackElo "2457"]
[WhiteFideId "4198603"]
[BlackFideId "14203693"]
[EventDate "2025.07.01"]

1. Nf3 Nf6 2. c4 e6 3. Nc3 d5 4. d4 dxc4 5. e4 Bb4 6. Bg5 h6 7. Bxf6 Qxf6 8.
Bxc4 c5 9. O-O cxd4 10. e5 Qd8 11. Ne4 O-O 12. Qe2 Nc6 13. Rad1 Be7 14. Ng3 Qa5
15. Qe4 Bd7 16. h4 Rae8 17. h5 f5 18. exf6 Bxf6 19. Bd3 Ne7 20. Nxd4 Nf5 21.
Ndxf5 exf5 22. Qxb7 Be6 23. Rfe1 Bd5 24. Qd7 Rxe1+ 25. Rxe1 Qxe1+ 26. Kh2 Be6
27. Qxa7 Be5 28. Qe7 Bxg3+ 29. fxg3 f4 30. gxf4 Qe3 31. Bh7+ Kxh7 32. Qxf8 Qe2
33. Qe8 Qg4 34. a4 Qxf4+ 35. Kg1 Qe3+ 36. Kh2 Qf4+ 37. Kg1 Qd4+ 38. Kh2 Bf5 39.
Qb5 Qh4+ 40. Kg1 Qxh5 41. a5 Qg6 42. b4 Be4 43. Qe2 Bd3 44. Qe5 Qa6 45. Kh2 Qb5
46. Qd4 Bg6 47. Kg1 Bf5 48. Kh2 h5 49. Kg1 Bg6 50. Kh2 Qb8+ 51. Kg1 Qb5 52. Kh2
Qg5 53. Qb6 Qf4+ 54. Kg1 Qc1+ 55. Kh2 Qf4+ 56. Kg1 h4 57. a6 h3 58. gxh3 Qg3+
59. Kf1 Bd3# 0-1

[Event "Titled Tue 1st Jul Early"]
[Site "chess.com INT"]
[Date "2025.07.01"]
[Round "9"]
[White "Shogdzhiev, Roman"]
[Black "Samunenkov, Ihor"]
[Result "1/2-1/2"]
[WhiteTitle "FM"]
[BlackTitle "GM"]
[WhiteElo "2411"]
[BlackElo "2555"]
[WhiteFideId "55653537"]
[BlackFideId "14187086"]
[EventDate "2025.07.01"]

1. e4 c6 2. d4 d5 3. Nc3 dxe4 4. Nxe4 Bf5 5. Ng3 Bg6 6. Nf3 e6 7. Ne5 Nd7 8. f4
Nxe5 9. fxe5 Ne7 10. c3 Nd5 11. Bd3 Be7 12. O-O O-O 13. Qe2 c5 14. Bxg6 hxg6 15.
dxc5 Bxc5+ 16. Kh1 Qh4 17. Ne4 Be7 18. c4 Nb4 19. Bf4 Rad8 20. Bg3 Qh5 21. Qxh5
gxh5 22. Nd6 Bxd6 23. exd6 f6 24. a3 Nc6 25. b4 e5 26. c5 b6 27. Rfd1 bxc5 28.
bxc5 Kf7 29. Rab1 Rb8 30. Bf2 Ke6 31. h3 g5 32. Rxb8 Rxb8 33. d7 Ke7 34. Rd6 Nd8
35. Ra6 Kxd7 36. Rxf6 Ne6 37. Rf5 Rb2 38. Kg1 Nf4 39. Rxg5 Nd3 40. Be3 Kc6 41.
Rxh5 Kd5 42. Rh4 Ra2 43. Rg4 Rxa3 44. h4 Ra1+ 45. Kh2 Re1 46. Bg1 Nf4 47. g3
Re2+ 48. Kh1 Nd3 49. h5 Re1 50. Kh2 Re2+ 51. Kh3 Re1 52. Kg2 Re2+ 53. Kh1 Re1
54. Kh2 Re2+ 55. Kh3 Re1 56. Kg2 Re2+ 57. Kh3 1/2-1/2

[Event "Titled Tue 1st Jul Early"]
[Site "chess.com INT"]
[Date "2025.07.01"]
[Round "9"]
[White "Cunha, Lucas Aguiar"]
[Black "Tyukhanov, Alexey"]
[Result "1-0"]
[WhiteTitle "FM"]
[BlackTitle "CM"]
[WhiteElo "2254"]
[BlackElo "2218"]
[WhiteFideId "2125404"]
[BlackFideId "24149829"]
[EventDate "2025.07.01"]

1. e4 c6 2. d4 d5 3. e5 c5 4. dxc5 Nc6 5. f4 e6 6. Be3 Nge7 7. Nf3 Nf5 8. Bf2
Be7 9. Bd3 g6 10. O-O h5 11. Nbd2 Bd7 12. c3 a5 13. a4 Qc7 14. Nb3 f6 15. Nbd4
fxe5 16. Nxc6 Bxc6 17. Nxe5 Rg8 18. b4 Bf6 19. Re1 Bxe5 20. Rxe5 Kf7 21. b5 Bd7
22. Bxf5 gxf5 23. Qxh5+ Rg6 24. Rae1 Rg8 25. Bd4 Kf8 26. g3 Qd8 27. c6 bxc6 28.
bxc6 Bc8 29. Bc5+ Kf7 30. Rb1 Qc7 31. Rb6 Kf6 32. Bd4 Kf7 33. Rb5 Qxc6 34. Rxa5
Ba6 35. Rc5 Qb7 36. Re1 Bd3 37. Qh7+ R6g7 38. Bxg7 Rxg7 39. Qh5+ Kf8 40. Qh8+
Kf7 41. Qc8 Qxc8 42. Rxc8 Kf6 43. Rf8+ Ke7 44. Ra8 Kf6 45. Rf8+ Ke7 46. Rb8 Kf6
47. Rb6 Be4 48. a5 Rc7 49. a6 Rxc3 50. Ra1 d4 51. a7 d3 52. Rb4 Bc6 53. Rd4 Ba8
54. Kf2 Rc2+ 55. Ke3 Rxh2 56. Kxd3 Rg2 57. Kc4 Rxg3 58. Kc5 Rg2 59. Kd6 Rg8 60.
Kc7 Rg7+ 61. Rd7 Rg8 62. Rd8 Rg7+ 63. Kd6 Be4 64. Rf8+ Kg6 65. Rg1+ Bg2 66.
Rxg2+ 1-0

[Event "Titled Tue 1st Jul Early"]
[Site "chess.com INT"]
[Date "2025.07.01"]
[Round "9"]
[White "Cornelisse, Lorelei"]
[Black "Fernandes, Rogerio Paulo Muller"]
[Result "0-1"]
[WhiteTitle "WFM"]
[WhiteElo "2129"]
[BlackElo "2241"]
[WhiteFideId "1087177"]
[BlackFideId "2101599"]
[EventDate "2025.07.01"]

1. d4 Nf6 2. Nc3 c5 3. d5 d6 4. e4 g6 5. Nf3 Bg7 6. Be2 O-O 7. O-O Bg4 8. Nd2
Bxe2 9. Qxe2 Nbd7 10. a4 Rb8 11. Nc4 Ne8 12. Bf4 Nc7 13. a5 b5 14. axb6 axb6 15.
Ra7 b5 16. Na5 Rb6 17. Nc6 Rxc6 18. dxc6 Nb8 19. Nd5 Nba6 20. Ra1 Nb4 21. Nxc7
Bxb2 22. Rb1 Nxc6 23. Rxb2 Nxa7 24. Nxb5 Nc6 25. Nc3 Qa5 26. Nd5 Qa1+ 27. Qf1
Qxb2 28. h3 Ra8 29. Kh2 Qxc2 30. Qb5 Qa4 31. Qxc6 Qxc6 32. Nxe7+ Kf8 33. Nxc6
Ra6 34. Nb8 Ra4 35. Bxd6+ Ke8 36. e5 c4 37. Nc6 c3 38. Nb4 Kd7 39. Kg3 f6 40.
Nd5 c2 41. Nb6+ Ke6 42. Nxa4 c1=Q 43. Nc5+ Kd5 44. Nd3 Qg5+ 45. Kh2 fxe5 46.
Bxe5 Ke4 47. Bf4 Qf6 48. Nc5+ Kd5 49. Nd3 g5 50. Bg3 h5 51. Ne1 h4 52. Bc7 Qe7
53. Nf3 Qxc7+ 54. Kg1 Qf4 55. Ne1 Qc1 56. Kf1 Ke4 57. Ke2 Qb2+ 58. Kf1 Qb5+ 59.
Kg1 Qe2 60. Nf3 Kf4 61. Nh2 Qe1+ 62. Nf1 Qd1 63. f3 Qe1 64. Kh2 Qxf1 65. g4
hxg3# 0-1

[Event "Titled Tue 1st Jul Early"]
[Site "chess.com INT"]
[Date "2025.07.01"]
[Round "9"]
[White "Gelman, Alexander"]
[Black "Xiong, Jeffery"]
[Result "0-1"]
[WhiteTitle "IM"]
[BlackTitle "GM"]
[WhiteElo "2403"]
[BlackElo "2646"]
[WhiteFideId "4118316"]
[BlackFideId "2047640"]
[EventDate "2025.07.01"]

1. d4 Nf6 2. Nc3 d5 3. Bf4 a6 4. e3 h6 5. h4 c5 6. Nf3 Bg4 7. Be2 Nc6 8. Ne5
Bxe2 9. Qxe2 e6 10. O-O-O Rc8 11. Kb1 Qa5 12. Rh3 cxd4 13. exd4 Bb4 14. a3 Be7
15. Rg3 Nxe5 16. dxe5 Nd7 17. Rxg7 Rxc3 18. Bd2 d4 19. bxc3 dxc3 20. Bc1 Nxe5
21. Qe4 Qb6+ 22. Ka1 Bf6 23. Rg3 Qxf2 24. Bf4 Qc5 25. Bc1 Nc6 26. Rf3 Be7 27.
Qf4 f5 28. Qc7 Kf7 29. Rd7 Qg1 30. Kb1 Rg8 31. Re3 Rxg2 32. Rxe7+ Nxe7 33. Qe5
Rg6 34. Rxc3 Nd5 35. Rb3 b5 36. Qd6 Qd4 37. Qxa6 Nc3+ 38. Rxc3 Qxc3 39. Bb2 Qc4
40. Qb7+ Ke8 41. Qb8+ Kd7 42. Qb7+ Qc7 43. Qxb5+ Qc6 44. Qd3+ Qd5 45. Qa6 Rg1+
46. Bc1 Qd4 47. Qb7+ Kd6 48. Qb8+ Kd5 49. Qb3+ Ke5 50. Ka2 Qd5 51. Bb2+ Ke4 52.
c4 Qd3 53. Qb6 Qxc4+ 54. Qb3 Qxb3+ 55. Kxb3 Rg3+ 56. Kb4 Rg4 57. a4 Kd5+ 58. Kb5
Rxh4 59. a5 Rh2 60. Bc3 Rc2 61. a6 Rxc3 0-1

[Event "Titled Tue 1st Jul Early"]
[Site "chess.com INT"]
[Date "2025.07.01"]
[Round "9"]
[White "Nihal, Sarin"]
[Black "Vetokhin, Savva"]
[Result "1-0"]
[WhiteTitle "GM"]
[BlackTitle "GM"]
[WhiteElo "2692"]
[BlackElo "2569"]
[WhiteFideId "25092340"]
[BlackFideId "44144474"]
[EventDate "2025.07.01"]

1. d4 Nf6 2. c4 e6 3. g3 d5 4. Bg2 dxc4 5. Nf3 c5 6. O-O Nc6 7. dxc5 Qxd1 8.
Rxd1 Bxc5 9. Nbd2 c3 10. bxc3 O-O 11. Ne1 Bd7 12. Rb1 Rab8 13. Nd3 Be7 14. Nc4
Nd5 15. Bd2 Bf6 16. Nc5 Bc8 17. Ne4 Be7 18. Ne3 Rd8 19. c4 Nxe3 20. Bxe3 Bd7 21.
Nc5 Bxc5 22. Bxc5 Be8 23. Rxd8 Nxd8 24. Bxa7 Ra8 25. Bb6 Nc6 26. Rb2 h6 27. f4
Ra4 28. c5 Na5 29. Bxa5 Rxa5 30. Rxb7 Rxc5 31. Rb8 Kf8 32. a4 Ke7 33. Ra8 Rc2
34. Kf2 Ra2 35. a5 Bb5 36. Bf3 g5 37. fxg5 hxg5 38. h4 gxh4 39. gxh4 f5 40. Ke1
e5 41. e3 e4 42. Bd1 Kf6 43. h5 Kg5 44. Rg8+ Kh6 45. Rg6+ Kh7 46. Rf6 Rxa5 47.
Rxf5 Kh6 48. Rc5 Ra3 49. Rxb5 Rxe3+ 50. Be2 Rh3 51. Kf2 Kg7 52. Re5 Rh4 53. Kg3
Kf6 54. Kxh4 Kxe5 55. Kg5 Ke6 56. Kg6 Ke7 57. Kg7 1-0

[Event "Titled Tue 1st Jul Early"]
[Site "chess.com INT"]
[Date "2025.07.01"]
[Round "9"]
[White "Jammalamadaka, Vihaan"]
[Black "Arakelyan, Manvel"]
[Result "1-0"]
[WhiteTitle "CM"]
[BlackTitle "FM"]
[WhiteElo "1977"]
[BlackElo "2326"]
[WhiteFideId "30977134"]
[BlackFideId "13317415"]
[EventDate "2025.07.01"]

1. d4 e6 2. Nc3 d5 3. Bf4 Nf6 4. Nb5 Na6 5. e3 Be7 6. Nc3 O-O 7. Bxa6 bxa6 8.
Nf3 c5 9. Ne5 Bb7 10. O-O Rc8 11. Na4 c4 12. b3 Bd6 13. bxc4 dxc4 14. Rb1 Ba8
15. Nc3 Qa5 16. Nxc4 Rxc4 17. Bxd6 Qxc3 18. Bxf8 Kxf8 19. Rb3 Qxc2 20. Rb8+ Ke7
21. Rxa8 Qxa2 22. Rxa7+ Kf8 23. Qb1 Qxb1 24. Rxb1 g5 25. h3 Ne4 26. Rbb7 Nd6 27.
Rb8+ Kg7 28. Rxa6 Ne4 29. Ra1 Rc2 30. f3 Ng3 31. Rba8 h5 32. R8a2 Rc3 33. Ra3
Rc2 34. R3a2 Rc3 35. Re1 h4 36. Rd2 Rc6 37. e4 Rd6 38. d5 exd5 39. Rxd5 Rg6 40.
e5 Re6 41. Rd6 Re7 42. e6 f5 43. Rd7 Kf6 44. Rxe7 Kxe7 45. Re5 Nh5 46. Rxf5 Nf4
47. Rxg5 Kxe6 48. Rg4 Kf5 49. Rxf4+ Kg5 50. Kf2 Kxf4 51. g3+ hxg3+ 52. Kg2 Kf5
53. Kxg3 Kg5 54. f4+ Kh5 55. Kf3 Kg6 56. Kg4 Kf6 57. f5 Kg7 58. Kg5 Kf7 59. f6
Kf8 60. Kg6 Kg8 61. f7+ Kf8 62. h4 Ke7 63. Kg7 Ke6 1-0